000 00390nam a22001697a 4500
005 20180131124104.0
008 161215b xxu||||| |||| 00| 0 eng d
020 _a9-788120-300286
041 _aeng
082 _a003.3
100 _aDeo,Narsingh
_93679
245 _aSystem Simulation With Digital Computer
260 _bPHP
_c2013
300 _a200
650 _aIT
_93680
942 _cBK
999 _c5320
_d5318